Blueprint for UK construction skills 2007-2011 (Record no. 106561)
[ view plain ]
| 000 -LEADER | |
|---|---|
| fixed length control field | 01574cam a2200229 4500 |
| 001 - CONTROL NUMBER | |
| control field | L136960 |
| 008 - FIXED-LENGTH DATA ELEMENTS--GENERAL INFORMATION | |
| fixed length control field | 070306s2007 xxk f 000 0 eng d |
| 035 ## - SYSTEM CONTROL NUMBER | |
| System control number | (Sirsi) u136960 |
| 041 ## - LANGUAGE CODE | |
| Language code of text/sound track or separate title | eng |
| 050 04 - LIBRARY OF CONGRESS CALL NUMBER | |
| Classification number | 338.4569 $2 18 |
| 110 2# - MAIN ENTRY--CORPORATE NAME | |
| Corporate name or jurisdiction name as entry element | Construction Skills Network |
| 9 (RLIN) | 5136 |
| 245 00 - TITLE STATEMENT | |
| Title | Blueprint for UK construction skills 2007-2011 |
| 260 ## - PUBLICATION, DISTRIBUTION, ETC. | |
| Place of publication, distribution, etc. | [S.l.] |
| Name of publisher, distributor, etc. | CITB-ConstructionSkills |
| Date of publication, distribution, etc. | 2007 |
| 520 ## - SUMMARY, ETC. | |
| Summary, etc. | Predicts that construction output will grow in all UK regions and sectors between 2007 and 2011, with infrastructure and public housing enjoying the highest increases. Government spending on education and its building Schools for the Future programme is forecast to be the single largest boost to construction employment outside London. However, the highest levels of demand will be in the southern regions with the concentration of Olympics and related projects. It is estimated that over 2.8m people will be employed in construction in the UK by 2011, up from 2.41m in 2005, and 87 600 recruits will be needed each year between 2007 and 2011. Provides forecasts for employment prospects and trends in the construction market across the UK regions. |
| 590 ## - LOCAL NOTE (RLIN) | |
| Local note | KA NTK |
| 650 24 - SUBJECT ADDED ENTRY--TOPICAL TERM | |
| Topical term or geographic name entry element | DFES BUILDING SCHOOLS FOR THE FUTURE |
| 650 24 - SUBJECT ADDED ENTRY--TOPICAL TERM | |
| Topical term or geographic name entry element | OLYMPIC GAMES 2012 |
| 651 #4 - SUBJECT ADDED ENTRY--GEOGRAPHIC NAME | |
| Geographic name | United Kingdom |
| Chronological subdivision | |
| 690 ## - LOCAL SUBJECT ADDED ENTRY--TOPICAL TERM (OCLC, RLIN) | |
| Topical term or geographic name as entry element | BUILT ENVIRONMENT-CONSTRUCTION MARKET |
| 856 40 - ELECTRONIC LOCATION AND ACCESS | |
| Uniform Resource Identifier | <a href="https://www.constructionskills.net/research/constructionskillsnetwork/forecastmodel/constructionskillsnetworkoutputs/uk/index.asp">https://www.constructionskills.net/research/constructionskillsnetwork/forecastmodel/constructionskillsnetworkoutputs/uk/index.asp</a> |
| Public note | View the report free of charge at www.constructionskills.net... |
| 942 ## - ADDED ENTRY ELEMENTS (KOHA) | |
| Suppress in OPAC | 0 |
| Withdrawn status | Lost status | Source of classification or shelving scheme | Damaged status | Not for loan | Home library | Current library | Shelving location | Date acquired | Total Checkouts | Full call number | Barcode | Date last seen | Copy number | Price effective from | Koha item type |
|---|---|---|---|---|---|---|---|---|---|---|---|---|---|---|---|
| Dewey Decimal Classification | Virtual | Virtual | Online | 06/03/2007 | ONLINE PUBLICATION | 136960-2001 | 06/08/2019 | 1 | 06/08/2019 | Book |